[Event "Madrid San Viator op-B 30th"]
[Site "Madrid"]
[Date "2018.06.03"]
[Round "8"]
[White "Algaba Traspuesto, Jose Antonio"]
[Black "Rodriguez Coarasa, Carlos"]
[Result "1-0"]
[WhiteElo "1544"]
[BlackElo "1698"]
[PlyCount "87"]
[EventDate "2018.04.08"]
[EventType "swiss"]
[EventRounds "9"]
[EventCountry "ESP"]
[SourceTitle "EXT 2019"]
[Source "ChessBase"]
[SourceDate "2018.10.10"]
[SourceVersion "1"]
[SourceVersionDate "2018.10.10"]
[SourceQuality "1"]

1. d4 Nf6 2. Bf4 d6 3. Nc3 g6 4. e4 Nbd7 5. Qd2 c6 6. Nf3 Qa5 7. Bd3 Bg7 8. Bh6 Bxh6 9. Qxh6 Qh5 10. Qd2 e5 11. h3 exd4 12. Nxd4 Nc5 13. Be2 Qe5 14. f3 Qg3+ 15. Kf1 0-0 16. Bc4 Nh5 17. Nce2 Qe5 18. Rd1 Rd8 19. f4 Qe7 20. g4 Ng7 21. Ng3 Be6 22. Bxe6 Ngxe6 23. Kg2 Rd7 24. Qe3 Rad8 25. Rhe1 b6 26. b4 Nb7 27. a3 Kf8 28. Qf2 Kg7 29. f5 Nc7 30. Rf1 f6 31. h4 Rf8 32. Rde1 Nd8 33. Nde2 Nf7 34. fxg6 hxg6 35. h5 Nh6 36. hxg6 Kxg6 37. Nf4+ Kg7 38. Nf5+ Nxf5 39. exf5 Qf7 40. Rh1 Rh8 41. Rxh8 Kxh8 42. Rh1+ Kg8 43. Qh4 Qg7 44. Nh5 1-0

[Event "Madrid Chamartin op 6th"]
[Site "Madrid"]
[Date "2017.09.05"]
[Round "3"]
[White "Algaba Traspuesto, Jose Antonio"]
[Black "Porras Fernandez, Alberto"]
[Result "1/2-1/2"]
[WhiteElo "1566"]
[BlackElo "1959"]
[PlyCount "149"]
[EventDate "2017.09.04"]
[EventType "swiss"]
[EventRounds "9"]
[EventCountry "ESP"]
[SourceTitle "CBM 180 Extra"]
[Source "ChessBase"]
[SourceDate "2017.10.06"]
[SourceVersion "1"]
[SourceVersionDate "2017.10.06"]
[SourceQuality "1"]

1. d4 g6 2. Bf4 d6 3. e4 Bg7 4. c3 Nf6 5. Nd2 Nbd7 6. Ngf3 0-0 7. h3 Re8 8. Be2 e5 9. dxe5 dxe5 10. Bh2 Qe7 11. 0-0 Nh5 12. Re1 Nf4 13. Bf1 b6 14. Qc2 Bb7 15. g3 Ne6 16. Bg2 a5 17. Rad1 Rad8 18. Nc4 Ba6 19. Ne3 c6 20. Rd2 Ndc5 21. Red1 h5 22. b4 Nb7 23. a3 Nc7 24. g4 Rxd2 25. Rxd2 hxg4 26. Nxg4 f6 27. Qb3+ Qf7 28. Qxf7+ Kxf7 29. Nh4 Re7 30. f4 exf4 31. Bxf4 Ne6 32. Be3 axb4 33. cxb4 c5 34. Nh6+ Bxh6 35. Bxh6 Nd4 36. Be3 Ne2+ 37. Kh2 Nc3 38. Rc2 Nxe4 39. bxc5 bxc5 40. Rb2 Ned6 41. Bd5+ Kg7 42. Bf2 Re2 43. Rxe2 Bxe2 44. Ng2 g5 45. h4 Kg6 46. hxg5 fxg5 47. Kg3 Kf5 48. Be3 c4 49. Kf2 Bd3 50. Ne1 Be4 51. Bg8 g4 52. Kg3 c3 53. Bh7+ Ke5 54. Bxe4 Kxe4 55. Bc1 Kf5 56. Nc2 Ne4+ 57. Kg2 Ke5 58. Ne3 g3 59. Nf1 Kd4 60. Nxg3 Nxg3 61. Kxg3 Kd3 62. Kf2 Nc5 63. Ke1 Kc2 64. Bh6 Kb3 65. Kd1 Ne6 66. a4 Nd4 67. a5 Kb2 68. a6 c2+ 69. Ke1 Nb5 70. Kf2 Kc3 71. Kf3 Kd3 72. Kg4 Kc4 73. Kg3 Kd5 74. Kf2 Kc6 75. Ke1 1/2-1/2

[Event "Madrid Chamartin op 6th"]
[Site "Madrid"]
[Date "2017.09.05"]
[Round "2"]
[White "Villarroya Samaniego, Javier"]
[Black "Algaba Traspuesto, Jose Antonio"]
[Result "0-1"]
[WhiteElo "1358"]
[BlackElo "1566"]
[PlyCount "135"]
[EventDate "2017.09.04"]
[EventType "swiss"]
[EventRounds "9"]
[EventCountry "ESP"]
[SourceTitle "CBM 180 Extra"]
[Source "ChessBase"]
[SourceDate "2017.10.06"]
[SourceVersion "1"]
[SourceVersionDate "2017.10.06"]
[SourceQuality "1"]

1. d4 Nf6 2. e3 e6 3. Bd3 c5 4. c3 b6 5. Nf3 Ba6 6. Bxa6 Nxa6 7. Nbd2 Be7 8. 0-0 0-0 9. Qe2 Nc7 10. a4 d5 11. b3 cxd4 12. exd4 Rb8 13. Ne5 Qe8 14. b4 b5 15. axb5 Nxb5 16. Bb2 Qc8 17. Rfc1 Qb7 18. Ra5 Rfc8 19. f3 Nxd4 20. cxd4 Qxb4 21. Rxc8+ Rxc8 22. Ba3 Qxa5 23. Bxe7 Qa1+ 24. Nf1 Qxd4+ 25. Qe3 Qxe3+ 26. Nxe3 d4 27. Nf1 Nd5 28. Ba3 f6 29. Nd7 e5 30. Nc5 Rb8 31. Ne4 Kf7 32. Ned2 Ke6 33. Kf2 f5 34. g3 Nc3 35. h4 e4 36. fxe4 fxe4 37. Bc5 e3+ 38. Nxe3 dxe3+ 39. Kxe3 Nd5+ 40. Ke4 a5 41. Nc4 a4 42. Bd6 Ra8 43. Be5 g6 44. Na3 Rc8 45. Kd4 Rc1 46. Bg7 Rc3 47. Nb5 Rxg3 48. Ke4 Rg4+ 49. Kf3 Rxh4 50. Nd4+ Kd7 51. Kg3 Rh1 52. Kg2 Rb1 53. Kf3 a3 54. Ke4 Nb6 55. Kf4 a2 56. Nc2 Nd5+ 57. Kg5 Rg1+ 58. Kh6 Rh1+ 59. Kg5 Ke6 60. Bd4 Ne7 61. Na1 h6+ 62. Kg4 Nf5 63. Bb2 Ne3+ 64. Kf3 Nc4 65. Bd4 Kd5 66. Bg7 Ne5+ 67. Bxe5 Kxe5 68. Nb3 0-1

[Event "Madrid San Viator op-B 26th"]
[Site "Madrid"]
[Date "2016.06.05"]
[Round "9"]
[White "Perez Gonzalez, Manuel"]
[Black "Algaba Traspuesto, Jose Antonio"]
[Result "1/2-1/2"]
[WhiteElo "1580"]
[BlackElo "1633"]
[PlyCount "44"]
[EventDate "2016.04.03"]
[EventType "swiss"]
[EventRounds "9"]
[EventCountry "ESP"]
[SourceTitle "EXT 2017"]
[Source "ChessBase"]
[SourceDate "2016.10.25"]
[SourceVersion "1"]
[SourceVersionDate "2016.10.25"]
[SourceQuality "1"]

1. e4 d5 2. exd5 Nf6 3. d4 Nxd5 4. Nf3 g6 5. Be2 Bg7 6. c3 0-0 7. 0-0 Nc6 8. c4 Nb6 9. d5 Nb8 10. Nc3 e6 11. Rb1 exd5 12. cxd5 Bf5 13. Ra1 N8d7 14. d6 Nf6 15. Bf4 cxd6 16. Qxd6 Qxd6 17. Bxd6 Rfe8 18. Rfe1 Ne4 19. Bb4 a5 20. Nxe4 Rxe4 21. Bc3 Bxc3 22. bxc3 Rae8 1/2-1/2

[Event "Collado Villalba op-B 32nd"]
[Site "Collado Villalba"]
[Date "2015.08.23"]
[Round "2"]
[White "Algaba Traspuesto, Jose Antonio"]
[Black "Orta Vazquez, Mario"]
[Result "1-0"]
[WhiteElo "1611"]
[BlackElo "1409"]
[PlyCount "47"]
[EventDate "2015.08.22"]
[EventType "swiss"]
[EventRounds "9"]
[EventCountry "ESP"]
[SourceTitle "EXT 2016"]
[Source "ChessBase"]
[SourceDate "2015.10.08"]
[SourceVersion "1"]
[SourceVersionDate "2015.10.08"]
[SourceQuality "1"]

1. e4 c5 2. Nc3 Nc6 3. f4 e6 4. Nf3 d5 5. Bb5 a6 6. Bxc6+ bxc6 7. 0-0 g6 8. d3 Bg7 9. Qe1 Ne7 10. Na4 0-0 11. Kh1 Rb8 12. Nxc5 dxe4 13. Nxe4 Bb7 14. Qh4 Nf5 15. Qh3 Nd6 16. c3 Nxe4 17. dxe4 f5 18. Ng5 h6 19. Nxe6 Qe7 20. Nxf8 Rxf8 21. e5 c5 22. Be3 Be4 23. Rad1 c4 24. Rd6 1-0

[Event "Madrid-ch Previa-A"]
[Site "Madrid"]
[Date "2014.02.12"]
[Round "6"]
[White "Montes de Santiago, Fernando"]
[Black "Algaba Traspuesto, Jose Antonio"]
[Result "1/2-1/2"]
[WhiteElo "1826"]
[BlackElo "1721"]
[PlyCount "45"]
[EventDate "2014.02.03"]
[EventType "swiss"]
[EventRounds "9"]
[EventCountry "ESP"]
[SourceTitle "EXT 2015"]
[Source "ChessBase"]
[SourceDate "2014.11.20"]
[SourceVersion "1"]
[SourceVersionDate "2014.11.20"]
[SourceQuality "1"]

1. d4 Nf6 2. c4 e6 3. Nf3 d5 4. e3 c5 5. Nc3 Nc6 6. b3 cxd4 7. exd4 Bb4 8. Bb2 Ne4 9. Rc1 Qf6 10. a3 Bxc3+ 11. Bxc3 Nxc3 12. Rxc3 0-0 13. Be2 dxc4 14. bxc4 e5 15. dxe5 Nxe5 16. Nxe5 Qxe5 17. Re3 Qa5+ 18. Qd2 Qxd2+ 19. Kxd2 Be6 20. Rb1 b6 21. Ke1 Rac8 22. Rc1 Rc7 23. Rec3 1/2-1/2

[Event "Madrid-ch Previa-A"]
[Site "Madrid"]
[Date "2014.02.04"]
[Round "2"]
[White "Santamaria Baeza, Adolfo"]
[Black "Algaba Traspuesto, Jose Antonio"]
[Result "1-0"]
[WhiteElo "1928"]
[BlackElo "1721"]
[PlyCount "39"]
[EventDate "2014.02.03"]
[EventType "swiss"]
[EventRounds "9"]
[EventCountry "ESP"]
[SourceTitle "EXT 2015"]
[Source "ChessBase"]
[SourceDate "2014.11.20"]
[SourceVersion "1"]
[SourceVersionDate "2014.11.20"]
[SourceQuality "1"]

1. e4 e6 2. d4 d5 3. e5 c5 4. c3 Qb6 5. Nf3 Bd7 6. Bd3 cxd4 7. cxd4 Bb5 8. Nc3 Bxd3 9. Qxd3 Qa6 10. Nb5 Bb4+ 11. Bd2 Bxd2+ 12. Nxd2 Ke7 13. Rc1 Nc6 14. 0-0 Nh6 15. a4 Nf5 16. Qa3+ Kd7 17. g4 Ncxd4 18. Rc7+ Kd8 19. gxf5 Nxb5 20. Qe7# 1-0

[Event "Madrid San Viator op 21st"]
[Site "Madrid"]
[Date "2013.11.03"]
[Round "7"]
[White "Cortijo Manso, Luis"]
[Black "Algaba Traspuesto, Jose Antonio"]
[Result "0-1"]
[WhiteElo "1535"]
[BlackElo "1693"]
[PlyCount "82"]
[EventDate "2013.09.29"]
[EventType "swiss"]
[EventRounds "9"]
[EventCountry "ESP"]
[SourceTitle "EXT 2015"]
[Source "ChessBase"]
[SourceDate "2014.11.20"]
[SourceVersion "1"]
[SourceVersionDate "2014.11.20"]
[SourceQuality "1"]

1. d4 e6 2. c4 d5 3. Nf3 Nf6 4. g3 dxc4 5. Bg2 Nbd7 6. Qa4 a6 7. Qxc4 b5 8. Qc2 Bb7 9. 0-0 Rc8 10. Qd1 Be7 11. a3 c5 12. dxc5 Nxc5 13. Nbd2 0-0 14. b4 Na4 15. Nb3 Nd5 16. e4 Ndc3 17. Qxd8 Rfxd8 18. e5 Ne2+ 19. Kh1 Nxc1 20. Raxc1 Bd5 21. Rxc8 Rxc8 22. Nbd4 Nb2 23. Nd2 Bxg2+ 24. Kxg2 Nd3 25. N4f3 Rc3 26. Ra1 f6 27. Ne4 Rc2 28. Nd4 Rc4 29. exf6 gxf6 30. Nxe6 Rxe4 31. Nc7 a5 32. Rd1 Ne5 33. Nxb5 axb4 34. axb4 Rxb4 35. Nc3 Rb2 36. Nd5 Kf7 37. Nf4 Bc5 38. Nh3 Ng4 39. Rd7+ Ke6 40. Rc7 Nxf2 41. Rxc5 Ne4+ 0-1

[Event "Madrid-ch"]
[Site "Madrid"]
[Date "2012.11.15"]
[Round "8"]
[White "Algaba Traspuesto, Jose Antonio"]
[Black "Greppi Gonzalez, Jose Luis"]
[Result "1-0"]
[WhiteElo "1625"]
[BlackElo "1553"]
[PlyCount "49"]
[EventDate "2012.11.05"]
[EventType "swiss"]
[EventRounds "9"]
[EventCountry "ESP"]
[SourceTitle "CBM 151 Extra"]
[Source "ChessBase"]
[SourceDate "2012.12.18"]
[SourceVersion "1"]
[SourceVersionDate "2012.12.18"]
[SourceQuality "1"]

1. d4 d5 2. Nf3 Nc6 3. e3 a6 4. Nbd2 Bf5 5. a3 Nf6 6. c4 dxc4 7. Bxc4 e6 8. 0-0 h6 9. b4 b5 10. Ba2 Bd6 11. Bb2 Ne7 12. Qe2 Ne4 13. Nxe4 Bxe4 14. Nd2 Bb7 15. e4 c6 16. d5 e5 17. f4 f6 18. Nf3 Ng6 19. fxe5 fxe5 20. dxc6 Bxc6 21. Rad1 Qc7 22. Nxe5 Nxe5 23. Bxe5 Bxe5 24. Qh5+ g6 25. Qxg6+ 1-0

[Event "Madrid-ch"]
[Site "Madrid"]
[Date "2012.11.08"]
[Round "4"]
[White "Fernandez Garcia, Ignacio"]
[Black "Algaba Traspuesto, Jose Antonio"]
[Result "1-0"]
[WhiteElo "1794"]
[BlackElo "1625"]
[PlyCount "47"]
[EventDate "2012.11.05"]
[EventType "swiss"]
[EventRounds "9"]
[EventCountry "ESP"]
[SourceTitle "CBM 151 Extra"]
[Source "ChessBase"]
[SourceDate "2012.12.18"]
[SourceVersion "1"]
[SourceVersionDate "2012.12.18"]
[SourceQuality "1"]

1. e4 c5 2. Nf3 g6 3. Nc3 Nc6 4. Ne2 Bg7 5. c3 e5 6. Ng3 d6 7. Bc4 Nge7 8. d3 0-0 9. h4 d5 10. exd5 Nxd5 11. h5 Bg4 12. hxg6 hxg6 13. Bh6 Na5 14. Qc1 Nf4 15. Bxf4 Nxc4 16. Bh6 Nd6 17. Bxg7 Kxg7 18. Qh6+ Kf6 19. Qg5+ Kg7 20. Qxg4 f5 21. Nh5+ Kf7 22. Nxe5+ Ke8 23. Qxg6+ Nf7 24. Ng7+ 1-0